00321nam a2200121Ia 4500008004100000041000800041082001600049100001800065245003900083260003600122300003200158365000900190240624s9999 xx 000 0 und d aeng a650.144 SAL aSALMONS JANET aCASES IN ONLINE INTERVIEW RESEARCH c2012aLondonbSage Publications axlix, : 349 : p. : cm. ; 23 cb30